000 00890nam a2200229 4500
001 120428
003 ES-MaACL
005 20230906191541.0
007 t|
008 070214s1901 fr r ||||1| fre d
100 1 _aPoincaré, Henri.
_992751
245 1 0 _aElectricité et optique
_b: la lumière et les theories électrodynamiques : leçons professées a la Sorbonne en 1888, 1890 et 1899 /
_cHenri Poincaré ; 2e. éd. rev. et completé par Jules Blondin, Eugéne Néculcea.
250 _a2e. éd. rev. et completé.
260 _aParis :
_bGauthier-Villars,
_c1901.
300 _aX, 641 p. :
_bil. ;
_c25 cm.
490 1 _aDes Cours de la Faculté des sciences de Paris
700 1 _aBlondin, Jules.
_929551
700 1 _aNéculcea, Eugéne.
_985271
830 0 _aDes Cours de la Faculté des sciences de Paris
_9218676
852 _aES-MaACL
_jG-5850
999 _c120428
_d120428